call of duty zombies origins - Statistics

General Stats
  • This quiz has been taken 111 times
  • The average score is 7 of 11
Answer Stats
Hint Answer % Correct
staff fire
96%
staff ice
96%
staff wind
91%
boss panzer
89%
staff lightning
79%
new drop zombie blood
70%
what do the six generators give you when all completed pack a punch
67%
gives random perk der wunderfizz
57%
boss giant
48%
new drop blood money
42%
new drop empty perk bottle
12%
No matching quizzes found
Score Distribution
Percent of People with Each Score
Percentile by Number Answered
Your Score History
You have not taken this quiz